书目信息 |
| 题名: |
物流与包装技术
|
|
| 作者: | 彭彦平 , 王晓敏 主编 | |
| 分册: | ||
| 出版信息: | 北京 中国轻工业出版社 2004 |
|
| 页数: | 405页 | |
| 开本: | 20cm | |
| 丛书名: | ||
| 单 册: | ||
| 中图分类: | F252 , TB48 | |
| 科图分类: | ||
| 主题词: | 物流--物资管理--高等学校--教材 , 物流--包装技术--高等学校--教材 , 物流 , 物资管理 , 包装技术 | |
| 电子资源: | ||
| ISBN: | 7-5019-4292-7 | |
| 000 | 00944nam0 2200301 450 | |
| 001 | 1258246656 | |
| 005 | 20121004161224.26 | |
| 010 | @a7-5019-4292-7@dCNY23.00 | |
| 100 | @a20040621d2004 em y0chiy50 ea | |
| 101 | 0 | @achi |
| 102 | @aCN@b110000 | |
| 105 | @ay z 000yy | |
| 200 | 1 | @a物流与包装技术@Awu liu yu bao zhuang ji shu@f彭彦平,王晓敏主编 |
| 210 | @a北京@c中国轻工业出版社@d2004 | |
| 215 | @a405页@d20cm | |
| 300 | @a高等学校专业教材 | |
| 330 | @a本书从强调包装与物流系统的关系构建理论框架,论述了物流系统、物流包装技术、物流运输技术等,并提供了同步思考题。 | |
| 606 | 0 | @a物流@x物资管理@x高等学校@j教材 |
| 606 | 0 | @a物流@x包装技术@x高等学校@j教材 |
| 606 | 0 | @a物流 |
| 606 | 0 | @a物资管理 |
| 606 | 0 | @a包装技术 |
| 690 | @aF252@v4 | |
| 690 | @aTB48@v4 | |
| 701 | 0 | @a彭彦平@Apeng yan ping@4主编 |
| 701 | 0 | @a王晓敏@Awang xiao min@c(物流管理)@4主编 |
| 801 | 0 | @aCN@bNLC@c20101222 |
| 905 | @a10447@dF252@eJY161 | |
| 物流与包装技术/彭彦平,王晓敏主编.-北京:中国轻工业出版社,2004 |
| 405页;20cm |
| 高等学校专业教材 |
| ISBN 7-5019-4292-7:CNY23.00 |
| 本书从强调包装与物流系统的关系构建理论框架,论述了物流系统、物流包装技术、物流运输技术等,并提供了同步思考题。 |
| ● |
| 相关链接 |
|
|
|
|
正题名:物流与包装技术
索取号:F252/JY161
 
预约/预借
| 序号 | 登录号 | 条形码 | 馆藏地/架位号 | 状态 | 备注 |
| 1 | 7813829 | 278138294 | 学院路分馆/ [索取号:F252/JY161] | 在馆 | |
| 2 | 7813830 | 278138301 | 学院路分馆/ [索取号:F252/JY161] | 在馆 | |
| 3 | 7813831 | 278138310 | 学院路分馆/ [索取号:F252/JY161] | 在馆 |